000 00725nam a2200253Ia 4500
003 OSt
005 20220928121411.0
006 a|||||r|||| 00| 0
007 ta
008 220927b |||||||| |||| 00| 0 eng d
020 _c6471.3100000000004
024 _a124532
037 _b157, 30/09/2014, Vardhman Books
_cTextual
040 _aSDCL
_cSDCL
_beng
041 _2eng
_aeng
082 _aB27:33, P5
100 _aBATKAI Andras
_9451961
245 0 _aSemigroups for delay equations
260 _aWellesley
_bA. K. Peters
_c2005
300 _axii;259p.
_ccm.
650 _aMathematics
942 _hB27:33, P5
_cTEXL
_2CC
999 _c765949
_d765949